000 00653nam a2200241Ia 4500
003 OSt
005 20221005084524.0
006 a|||||r|||| 00| 0
007 ta
008 221004b |||||||| |||| 00| 0 eng d
024 _a76099
037 _cTextual
040 _aCRL
_cCRL
_beng
041 _2eng
_aeng
082 _aO111,1M03w, K9.2
100 _aCabot James Elliot
_9613374
245 0 _aMemoir of Ralph Waldo Emerson
260 _aNew York
_bAMS Press USA
_c1969
300 _a809p.
_ccm.
650 _aENGLISH LITERATURE
942 _hO111,1M03w, K9.2
_cTEXL
_2cc
999 _c992728
_d992728